Formal logic /

Guardado en:
Autor Principal: Prior, A. N. 1914-1969.
Formato: Libro
Idioma:English
Publicado: Oxford : Clarendon Press, 1955.
Etiquetas: Agregar Etiqueta
Sin Etiquetas, Sea el primero en etiquetar este registro!
LEADER 00724nam a22001815a 4500
001 MAT.inmabb000376
008 031210s1955####enk######b####001#0#eng#d
005 20110301162153.0
245 1 0 |a Formal logic /  |c by A. N. Prior. 
260 |a Oxford :  |b Clarendon Press,  |c 1955. 
300 |a ix, 329 p. ;  |c cm. 
504 |a Incluye referencias bibliográficas. 
500 |a Part I. The classical propositional and functional calculi -- Part II. The traditional logic of terms -- Part III. Modal, three-valued, and extensional systems. 
510 4 |a MR,  |c 17,569b 
100 1 |a Prior, A. N.  |q (Arthur N.),  |d 1914-1969. 
084 |a 03Bxx (03-01 03B05 03B45 03B50 03Cxx)  |2 msc2000 
010 |a  55013527  
859 |h 03  |i P958  |p A-118  |b BIB. MATEMATICA